Harry Potter Typing Challenge: Spells Quiz Stats

 Plays Quiz Updated Mar 12, 2018

Challenge
Share
Tweet
Embed
Score 0/42 Timer 01:30
1 Play Today
Spell Spell % Correct
????
100%
????
96.7%
????
95.5%
????
94.6%
????
93.9%
????
93.1%
????
92.5%
????
92.1%
????
91.6%
????
91%
????
90.6%
????
90.1%
????
89.6%
????
89.2%
????
88.6%
????
87.9%
????
87.1%
????
86.2%
????
85.2%
????
84.3%
????
83%
Spell Spell % Correct
????
80.9%
????
78.9%
????
76%
????
73.9%
????
70.9%
????
68%
????
64.9%
????
61.1%
????
57.5%
????
54%
????
49.6%
????
46.3%
????
42.9%
????
39.2%
????
34.3%
????
30.4%
????
25.9%
????
21.6%
????
16.8%
????
12.2%
????
8.9%

You're not logged in!

Compare scores with friends on all Sporcle quizzes.
Join for Free
OR
Log In

You Might Also Like...

Show Comments

Extras

Top Quizzes Today


Score Distribution

Your Account Isn't Verified!

In order to create a playlist on Sporcle, you need to verify the email address you used during registration. Go to your Sporcle Settings to finish the process.

Report this User

Report this user for behavior that violates our Community Guidelines.

Details: